00490nam a2200181Ia 45000030006000000050017000060080041000230200018000640400009000820410012000910820021001031000020001242450017001442600035001613000008001965050017002046500087002210Nust20170105110246.0161124s9999 xx 000 0 und d a0-471-35923-8 cIGIS aEnglish a025.06/9121bPEN aZhong Ren .Peng aInternet GIS aUSAbWiley John sons,incc2003 a679 aInternet GIS aDistribted Geographic Information Services for the inter net and wireless networks